000 00670nam a22002297a 4500
001 32527
003 BD-RjUL
005 20211209051842.0
008 140427s1924 ii a|||| |||| 00| 0 eng d
035 _a(BD-RjUL) 32616
040 _aBD-RjUL
_beng
_cBD-RjUL
_dBD-RjUL
041 _aeng
082 0 0 _a297
_bKHP 1924
100 1 _a Khan, Abid Ali
_998963
245 1 0 _aPrayer book for the Muslims :
_bwith the Risalai-namaz /
_cby Abid Ali Khan
250 _a2nd ed.
260 _aMalda :
_bMuslim store,
_c1924.
300 _a52p. :
_bill. ;
_c19cm.
650 0 _aIslam.
_998964
650 0 _aIslam
_x Prayer-books and devotions -- English.
_998965
942 _2ddc
_cBK
999 _c32527
_d32527